Statistics for Watery Planets/Moons in Our Solar System by Picture

Click here to take the quiz!

General Stats

  • This quiz has been taken 11 times
  • The average score is 5 of 7

Answer Stats

Answer% Correct
Earth
100%
Europa
90%
Neptune
90%
Uranus
90%
Titan
70%
Callisto
50%
Ganymede
50%

Score Distribution

Percentile by Number Answered

Percent of People with Each Score

Your Score History

You have not taken this quiz